000 00697nam a22002057a 4500
999 _c174059
_d174059
005 20200316153309.0
010 _aENG-128059
020 _a9788182749184
_c1295.00
035 _aEN-111591
037 _bDBAD/PUB
082 _a005.8
245 _aSecuring Cyberspace:
_cEdited by Cherian Samuel [and] Munish Sharma
_bInternational and Asian perspectives
260 _aNew Delhi
_bPentagon Press
_c2016
270 _a206, Peacock Lane, Shahpur Jat
_bNew Delhi
_e110049
_k011-6470624
_l011-26490600
_mrajan@pentagonpress.in
300 _axiv;346p.
_c24cm(hb)
500 _aincludes index
700 _aSamuel,Cherian
700 _aSharma,Munish
942 _2ddc
_cEN
_h005.8
_mSEC